| 000 | 00794nam a2200265 a 4500 | ||
|---|---|---|---|
| 001 | BRL_253 | ||
| 005 | 20190320210645.0 | ||
| 008 | 080713s1981----sp-a######---#000-0#spa-# | ||
| 020 | _a8485471113 | ||
| 041 | _aspa | ||
| 044 | _asp | ||
| 050 | 4 |
_aCB311 _b.B46 1981 |
|
| 100 | 1 |
_aBenavides, Rodolfo _923367 |
|
| 245 | 1 | 0 |
_aCuando las piedras hablan, los hombres tiemblan _cRodolfo Benavides. |
| 250 | _a3 | ||
| 260 |
_aMadrid : México _bHyspamerica : Editores Mexicanos Unidos _c1981 |
||
| 300 |
_a399 p. _bil. (algunas a color), mapas, 1 hoja plegable _c21 cm. |
||
| 500 | _aAu292 | ||
| 504 | _aBibliografía : p. [397]-399 | ||
| 650 | 1 | 4 |
_aCivilización antigua _923368 |
| 650 | 1 | 4 |
_aPueblos prehistóricos _923369 |
| 650 | 1 | 4 |
_aAntigüedades _923370 |
| 902 | _aGRL | ||
| 942 |
_2lcc _cB |
||
| 999 |
_c9066 _d9066 |
||